Problémy prístupových rokovaní Turecka do Európskej únie bakalárska práca

Salvato in:
Dettagli Bibliografici
Autore principale: Blažej, Martin
Ente Autore: Národohospodárska fakulta EU. Katedra hospodárskej politiky
Altri autori: Veselovská, Stanislava, 1957-
Natura: Libro
Lingua:slovacco
Pubblicazione: Bratislava 2009
Tags: Aggiungi Tag
Nessun Tag, puoi essere il primo ad aggiungerne!!

MARC

LEADER 00000nam$a2200000$$$4500
001 0099033
005 20240319123849.5
041 0 |a slo 
044 |a SK 
245 1 0 |a Problémy prístupových rokovaní Turecka do Európskej únie  |b bakalárska práca  |c Martin Blažej ; škol. Stanislava Veselovská 
264 1 |a Bratislava  |c 2009 
300 |a 41 s. 
100 1 |a Blažej, Martin 
700 1 |a Veselovská, Stanislava, 1957- 
710 2 |a Národohospodárska fakulta EU. Katedra hospodárskej politiky